[Event "Bagnara Calabra op-B"]
[Site "Bagnara Calabra"]
[Date "2009.01.04"]
[Round "3"]
[White "Olivo, Paolo"]
[Black "Lanza, Giuseppe"]
[Result "1-0"]
[WhiteElo "1607"]
[BlackElo "1521"]
[PlyCount "57"]
[EventDate "2009.01.02"]
[EventType "swiss"]
[EventRounds "7"]
[EventCountry "ITA"]
[SourceTitle "CBM 128 Extra"]
[Source "ChessBase"]
[SourceDate "2009.03.05"]
[SourceVersion "2"]
[SourceVersionDate "2009.03.25"]
[SourceQuality "1"]

1. e4 d5 2. exd5 Nf6 3. d4 Nxd5 4. Nf3 Bg4 5. Be2 e6 6. h3 Bxf3 7. Bxf3 g6 8. c4 Bb4+ 9. Bd2 0-0 10. cxd5 Bxd2+ 11. Qxd2 exd5 12. 0-0 c6 13. Nc3 Nd7 14. Rfe1 Nf6 15. Re5 Nd7 16. Re3 f5 17. Rae1 Rf7 18. Qe2 Kf8 19. b4 Nb6 20. Re6 Nc4 21. b5 Qd7 22. a4 Rc8 23. Nb1 cxb5 24. axb5 Rc7 25. Nc3 Nd6 26. Nxd5 Ne4 27. Nxc7 Qxc7 28. Bxe4 fxe4 29. Qxe4 1-0

[Event "Bagnara Calabra op-B"]
[Site "Bagnara Calabra"]
[Date "2009.01.02"]
[Round "1"]
[White "Lanza, Giuseppe"]
[Black "Tricomi, Massimo"]
[Result "0-1"]
[WhiteElo "1521"]
[BlackElo "1874"]
[PlyCount "136"]
[EventDate "2009.01.02"]
[EventType "swiss"]
[EventRounds "7"]
[EventCountry "ITA"]
[SourceTitle "CBM 128 Extra"]
[Source "ChessBase"]
[SourceDate "2009.03.05"]
[SourceVersion "2"]
[SourceVersionDate "2009.03.25"]
[SourceQuality "1"]

1. f4 d5 2. Nf3 Nf6 3. e3 e6 4. b3 g6 5. Bb2 Bg7 6. Be2 0-0 7. 0-0 c5 8. d3 Ng4 9. Bxg7 Kxg7 10. Qd2 Qf6 11. Nc3 Nxe3 12. Qxe3 Qxc3 13. h4 Nc6 14. a3 Nd4 15. Nxd4 Qxd4 16. Qxd4+ cxd4 17. Bf3 Bd7 18. g4 Rac8 19. Rf2 Rc3 20. Kg2 Rfc8 21. Ra2 f5 22. g5 h6 23. Re2 Re8 24. b4 hxg5 25. hxg5 Kf7 26. a4 a6 27. Ra1 Rcc8 28. Kg3 Rc6 29. a5 b6 30. Kf2 bxa5 31. bxa5 Rc5 32. Bg2 Rec8 33. Ra2 Rb5 34. Re1 Rcb8 35. Ke2 Rb2 36. Rea1 Ke7 37. Kd2 Kd6 38. Kc1 Rxa2 39. Rxa2 Rb5 40. Bf3 Kc5 41. Ra1 Kb4 42. Kb2 Rxa5 43. Rxa5 Kxa5 44. c4 dxc4 45. dxc4 Kb4 46. Be2 Bc6 47. Kc2 a5 48. Kd3 Kc5 49. Kc2 Be4+ 50. Kd2 d3 51. Bd1 Kxc4 52. Ba4 Bf3 53. Be8 Bh5 54. Bd7 Kd4 55. Bxe6 Ke4 56. Bf7 a4 57. Bc4 Kxf4 58. Kxd3 Bd1 59. Kd2 Bb3 60. Be2 Kxg5 61. Kc3 Kf4 62. Bb5 g5 63. Bc6 g4 64. Kd3 a3 65. Kc3 a2 66. Kb2 Be6 67. Bb7 Ke3 68. Bc6 Kf2 0-1

[Event "Nicolo La Rosa op 16th"]
[Site "Mazara del Vallo"]
[Date "2008.08.11"]
[Round "1"]
[White "Grimaldi, Sergio"]
[Black "Lanza, Giuseppe"]
[Result "1-0"]
[WhiteElo "1799"]
[BlackElo "1470"]
[PlyCount "63"]
[EventDate "2008.08.11"]
[EventType "swiss"]
[EventRounds "6"]
[EventCountry "ITA"]
[SourceTitle "EXT 2011"]
[Source "ChessBase"]
[SourceDate "2010.11.26"]
[SourceVersion "1"]
[SourceVersionDate "2010.11.26"]
[SourceQuality "1"]

1. e4 d5 2. exd5 Nf6 3. Nf3 Nxd5 4. Bc4 Bg4 5. h3 Bh5 6. d3 e5 7. Bd2 Bd6 8. Bxd5 c6 9. Bb3 Na6 10. a3 Qc7 11. Nc3 0-0-0 12. 0-0 Rhg8 13. Ne4 Nc5 14. Nxc5 Bxc5 15. Qe2 Bd6 16. a4 g5 17. g4 Bg6 18. Nxg5 h5 19. f3 h4 20. Ne4 Bf5 21. a5 a6 22. Be3 Qd7 23. Nf6 Qe7 24. Nxg8 Rxg8 25. Kh1 Be6 26. Bxe6+ Qxe6 27. Qf2 Qe7 28. c3 f5 29. b4 e4 30. Bc5 exd3 31. Bxd6 Qxd6 32. Rad1 1-0